<The> Slovak Republic as Part of the Silk Road Project
Zapojenie Slovenskej republiky do projektu Hodvábna cesta. Predpoklady budúceho rozvoja spolupráce. Celková kapacita aktívnych dopravných terminálov v Slovenskej republike.
Salvato in:
| Autore principale: | |
|---|---|
| Altri autori: | |
| Natura: | Capitolo di libro |
| Lingua: | inglese |
| Soggetti: | |
| Tags: |
Nessun Tag, puoi essere il primo ad aggiungerne!!
|
MARC
| LEADER | 00000naa a2200000 4500 | ||
|---|---|---|---|
| 001 | 0242147 | ||
| 005 | 20240502073936.3 | ||
| 041 | 0 | |a eng | |
| 044 | |a SK | ||
| 245 | 1 | 0 | |a <The> Slovak Republic as Part of the Silk Road Project |c Martina Džubáková, Pavel Melich |
| 520 | |a Zapojenie Slovenskej republiky do projektu Hodvábna cesta. Predpoklady budúceho rozvoja spolupráce. Celková kapacita aktívnych dopravných terminálov v Slovenskej republike. | ||
| 610 | 2 | 0 | |a spolupráca hospodárska medzinárodná |
| 610 | 2 | 0 | |a Slovensko |
| 610 | 2 | 0 | |a Čína |
| 610 | 2 | 0 | |a preprava |
| 610 | 2 | 0 | |a Euroázijská ekonomická únia |
| 610 | 2 | 0 | |a kooperácia hospodárska medzinárodná |
| 100 | 1 | |a Džubáková, Martina | |
| 700 | 1 | |a Melich, Pavel | |